| 000 | 00341nam a22001457a 4500 | ||
|---|---|---|---|
| 003 | OSt | ||
| 005 | 20160727222418.0 | ||
| 008 | 160625b xxu||||| |||| 00| 0 eng d | ||
| 040 | _cTEST | ||
| 100 |
_91177 _aSingh, L |
||
| 245 | _aPhy, Che, Bio - X | ||
| 260 |
_aNEW DELHI _bS.CHAND & COM. _c1995 |
||
| 300 | _aPhy, Che, Bio - X | ||
| 942 |
_2ddc _cBK |
||
| 999 |
_c957 _d957 |
||